Dress - Taylor Swift Lyrics - Statistics

General Stats
  • This quiz has been taken 23 times
  • The average score is 379 of 494
Answer Stats
Answer % Correct
I
100%
of
100%
a
94%
about
94%
an
94%
and
94%
ha
94%
in
94%
me
94%
on
94%
the
94%
you
94%
your
94%
is
88%
no
88%
they
88%
all
82%
crowded
82%
dress
82%
it
82%
moments
82%
my
82%
off
82%
room
82%
shap
82%
silence
82%
take
82%
there
82%
this
82%
want
82%
when
82%
are
76%
best
76%
could
76%
don't
76%
everything
76%
friend
76%
golden
76%
hands
76%
hands`
76%
just
76%
like
76%
made
76%
mark
76%
only
76%
Our
76%
secret
76%
shakin'
76%
so
76%
stops
76%
tattoo
76%
bought
71%
from
71%
got
71%
idea
71%
name
71%
say
71%
waitin'
71%
we
71%
ah
65%
back
65%
carve
65%
holdin'
65%
into
65%
patience
65%
us
65%
were
65%
we're
65%
anticipation
59%
bathtub
59%
both
59%
desperately
59%
drunk
59%
even
59%
everyone
59%
face
59%
kiss
59%
know
59%
not
59%
see
59%
side
59%
that
59%
thinks
59%
time
59%
bedpost
53%
but
53%
by
53%
'cause
53%
I'm
53%
indentation
53%
lies
53%
nothin'
53%
now
53%
saw
53%
spillin'
53%
truth
53%
up
53%
wake
53%
wine
53%
woke
53%
worst
53%
electrified
47%
get
47%
to
47%
at
41%
bleached
41%
burned
41%
buzzcut
41%
can't
41%
explain
41%
flashback
41%
hair
41%
if
41%
least
41%
lifeline
41%
one
41%
pining
41%
times
41%
earthquakes
35%
gonna
35%
met
35%
mistakes
35%
shake
35%
shape
35%
try
35%
inescapable
29%
rebounds
29%
aha
18%
flashbacks
18%
bacl
0%
No matching quizzes found
Score Distribution
Percent of People with Each Score
Percentile by Number Answered
Your Score History
You have not taken this quiz